Diputación de Barcelona : setenta años de catalogación y conservación de monumentos setenta años de catalogación y conservación de monumentos
Publicado:
Barcelona :
Diputació de Barcelona. Servei de Catalogació i Conservació de Monuments ,
1985
Descripción Física:
83 p. : il., negre i col. ; 29'5 cm
MARC
| LEADER | 00000nam a2200000Ia 4500 | ||
|---|---|---|---|
| 001 | 2045 | ||
| 008 | 160829s1985 xx 000 0 cat d | ||
| 080 | |a B-1-324 | ||
| 245 | |a Diputación de Barcelona : |b setenta años de catalogación y conservación de monumentos | ||
| 260 | |a Barcelona : |b Diputació de Barcelona. Servei de Catalogació i Conservació de Monuments, |c 1985 | ||
| 300 | |a 83 p. : |b il., negre i col. ; |c 29'5 cm | ||
| 590 | |a Catàleg de l'exposició itinerant. | ||
| 650 | |a Monuments |x Conservació i restauració |x Exposicions |9 21872 | ||
| 710 | |a Barcelona (Catalunya : Província). |b Servei de Catalogació i Conservació de Monuments |9 54088 | ||
| 901 | |a Arxiu | ||
| 942 | |n 1 | ||
| 952 | |0 0 |1 0 |4 0 |6 B1324 |7 1 |9 47377 |a Arxiu |b Arxiu |d 2016-12-01 |l 0 |o B-1-324 |p 2045 |r 2016-12-01 00:00:00 |w 2016-12-01 |y ARXIU | ||
| 999 | |c 51175 |d 51175 | ||